000 01101cam a2200337 a 4500
001 59178
003 BD-RJUL
005 20211209080713.0
008 161221s2003 dcud b 001 0 eng
020 _a9041120017
020 _a0821350641
035 _aBD-RJUL 59302
035 _a(CStRLIN)PAUGV4107444-B
040 _aUVL
_cUVL
_beng
_dBD-RJUL
041 _aeng
082 _223
_a343.074
_bWOW 2003
110 _aWorld Bank.
_9171728
245 0 4 _aThe World Bank legal review :
_blaw and justice for development /
_c[edited by] The World Bank.
260 _a[Washington, D.C.] :
_bMartinus Nijhoff,
_c2003
300 _aV. :
_bill. ;
_c24 cm.
504 _aIncludes bibliographical references and index.
505 0 _aV 1 --
650 0 _aLaw and economic development.
_9137656
650 0 _aInternational organization.
_9137657
650 0 _aInternational finance
_xLaw and legislation.
_9137658
650 0 _aSocial justice.
_9137659
710 2 _aWorld Bank.
_9137660
830 4 _aThe World Bank legal review ;
_9175963
942 _2ddc
_cBK
999 _c59178
_d59178